Welcome to WEB OPAC of MRSPTU Central Library

Electronic devices and circuits (Record no. 499)

MARC details
000 -LEADER
fixed length control field 00374nam a2200145Ia 4500
008 - FIXED-LENGTH DATA ELEMENTS--GENERAL INFORMATION
fixed length control field 230711s9999||||xx |||||||||||||| ||und||
041 ## - LANGUAGE CODE
Language code of text/sound track or separate title ENG
082 ## - DEWEY DECIMAL CLASSIFICATION NUMBER
Classification number 621
Item number MI-E
100 ## - MAIN ENTRY--PERSONAL NAME
Personal name Millman Jacob
245 #0 - TITLE STATEMENT
Title Electronic devices and circuits
250 ## - EDITION STATEMENT
Edition statement 1st
260 ## - PUBLICATION, DISTRIBUTION, ETC.
Date of publication, distribution, etc. 1990
Place of publication, distribution, etc. New York
Name of publisher, distributor, etc. Tata McGraw Hill Education Limited
650 ## - SUBJECT ADDED ENTRY--TOPICAL TERM
Topical term or geographic name entry element Electronics Engineering
942 ## - ADDED ENTRY ELEMENTS (KOHA)
Koha item type Book
Holdings
Withdrawn status Lost status Damaged status Not for loan Collection Home library Current library Date acquired Total checkouts Full call number Barcode Date last seen Price effective from Koha item type
          MRSPTU Central Library MRSPTU Central Library     621 MI-E 2347 08/17/2023 08/17/2023 Book
          MRSPTU Central Library MRSPTU Central Library     621 MI-E 2348 08/17/2023 08/17/2023 Book
          MRSPTU Central Library MRSPTU Central Library     621 MI-E 2349 08/17/2023 08/17/2023 Book
          MRSPTU Central Library MRSPTU Central Library     621 MI-E 2350 08/17/2023 08/17/2023 Book
          MRSPTU Central Library MRSPTU Central Library     621 MI-E 2351 08/17/2023 08/17/2023 Book
          MRSPTU Central Library MRSPTU Central Library     621 MI-E 3375 08/17/2023 08/17/2023 Book
          MRSPTU Central Library MRSPTU Central Library     621 MI-E PBB2347 08/17/2023 08/17/2023 Book
          MRSPTU Central Library MRSPTU Central Library     621 MI-E PBB2348 08/17/2023 08/17/2023 Book
          MRSPTU Central Library MRSPTU Central Library     621 MI-E PBB2349 08/17/2023 08/17/2023 Book
          MRSPTU Central Library MRSPTU Central Library     621 MI-E PBB2350 08/17/2023 08/17/2023 Book
          MRSPTU Central Library MRSPTU Central Library     621 MI-E PBB2351 08/17/2023 08/17/2023 Book

Website Designed and Developed by MRSPTU Central Library Team

E-mail Id: librarian@mrsptu.ac.in